000 00262nac a2200097zu 4500
008 260114b1999 sp a|||br|||| 000 0 spa d
245 _aLAS FOTOS DE SARA
260 _aESPAÑA:
_bEDICIONES DESTINO1999
_c1999
300 _a38 páginas;
_c28 X 21 cm
942 _2ddc
_cBKN
999 _c68485
_d68485